| 000 | 01195nam a22002177a 4500 | ||
|---|---|---|---|
| 999 |
_c61071 _d61071 |
||
| 003 | Ge_BSU | ||
| 005 | 20231213142232.0 | ||
| 008 | 231213s2013 ge ||||| |||| 00| 0 geo d | ||
| 020 | _a9789941435201 | ||
| 041 | _ageo | ||
| 080 | _a632.937.14(479.223) წ-33 | ||
| 100 |
_aწეროძე, მირანდა _911626 |
||
| 245 |
_aაჭარის სუბტროპიკულ ზონაში გავრცელებული მავნებლების ეკოლოგიური თავისებურებანი / _cმირანდა წეროძე; რედ.: რეზო ჯაბნიძე, ავთანდილ მურვანიძე. |
||
| 264 |
_aბათუმი : _bალიონი, _c2013. |
||
| 300 |
_a112 გვ.: _bილ., ცხრ.; _c21 სმ. |
||
| 653 | _aფიტოფაგი მწერები | ||
| 653 | _aამერიკული თეთრი პეპელა | ||
| 700 |
_aჯაბნიძე, რეზო _eრედაქტორი _92484 |
||
| 700 |
_aმურვანიძე, ავთანდილ _eრედაქტორი _920703 |
||
| 942 |
_2udc _cᲬᲘᲒᲜᲘ |
||